Capital Cities that Start with B - Statistics

General Stats
  • This quiz has been taken 261 times
    202 since last reset
  • The average score is 17 of 25
Answer Stats
Capital city % Correct
Berlin
88%
Bogotá
85%
Brasília
85%
Bratislava
82%
Bucharest
82%
Brussels
81%
Budapest
81%
Bangkok
80%
Belgrade
78%
Baghdad
77%
Baku
73%
Belmopan
73%
Buenos Aires
71%
Beijing
70%
Bern
70%
Beirut
68%
Bamako
67%
Bishkek
62%
Banjul
57%
Brazzaville
57%
Bangui
55%
Bridgetown
55%
Basseterre
53%
Bissau
47%
Bandar Seri Begawan
42%
No matching quizzes found
Score Distribution
Percent of People with Each Score
Percentile by Number Answered
Your Score History
You have not taken this quiz since the last reset